00321nam a2200121Ia 4500008004100000041001200041082001100053100001700064245007000081260002200151300000700173650001900180221030s9999 xx 000 0 und d aEnglish a105.23 aS. K. Sharma 0aTraining Notes on Industry Institute Partnershipcby S. K. Sharma bMIETaJammuc2011 a20 aTraining Notes